| 000 -ლიდერი |
| ფიქსირებული სიგრძის საკონტროლო ველი |
01092nam a2200241Ia 4500 |
| 001 - საკონტროლო ნომერი |
| საკონტროლო ველი |
20517 |
| 003 - საკონტროლო ნომრის იდენტიფიკატორი |
| საკონტროლო ველი |
GE_BSU |
| 005 - ბოლო ოპერაციის თარიღი და დრო |
| საკონტროლო ველი |
20210107224608.0 |
| 008 - ფიქსირებული სიგრძის მონაცემთა ელემენტები - ზოგადი ინფორმაცია |
| ფიქსირებული სიგრძის საკონტროლო ველი |
181216s1962||||ge |||||||||||||| ||geo|| |
| 040 ## - კატალოგიზაციის წყარო |
| Transcribing agency |
GE_BSU |
| 041 ## - ენის კოდი |
| Language code of text/sound track or separate title |
geo |
| 080 ## - უნივერსალური ათობითი კლასიფიკაციის ინდექსი |
| Universal Decimal Classification number |
811.353.1-84(075.3=161.1) დ-15 |
| 100 ## - მთავარი ჩანაწერი - პიროვნების სახელი |
| Personal name |
დავითიანი, ა. |
| 9 (RLIN) |
3905 |
| 245 ## - ცნობა სათაურის შესახებ |
| Title |
ქართული ენა 3კლასი : |
| Remainder of title |
რუსული სკოლის მე-3 კლასისათვის / |
| Statement of responsibility, etc |
ა. დავითიანი, ვ. მუშკუდიანი ; რედ. ე. ივანაშვილი. |
| 264 ## - წარმოების, გამოცემის, დისტრიბუციის და სხვა ცნობები |
| გამოცემის, წარმოების, დისტრიბუციის... ადგილი |
თბილისი : |
| გამოცემის, წარმოების, დისტრიბუციის... სახელწოდება |
ცოდნა, |
| გამოცემის, წარმოების, დისტრიბუციის... თარიღი |
1962. |
| 300 ## - ფიზიკური აღწერა |
| Extent |
136 გვ. : |
| Other physical details |
ილ. ; |
| Dimensions |
22სმ.. |
| 653 ## - INDEX TERM--UNCONTROLLED |
| Uncontrolled term |
რუსული სკოლის მე-3 კლასისათვის |
| 653 ## - INDEX TERM--UNCONTROLLED |
| Uncontrolled term |
ქართული ენა 3 კლასი |
| 700 ## - ADDED ENTRY--PERSONAL NAME |
| Personal name |
მუშკუდიანი, ვ. |
| Relator term |
ავტორი |
| 9 (RLIN) |
9545 |
| 700 ## - ADDED ENTRY--PERSONAL NAME |
| Personal name |
ივანაშვილი, ე. |
| Relator term |
რედაქტორი |
| 9 (RLIN) |
5394 |
| 942 ## - ADDED ENTRY ELEMENTS (KOHA) |
| Koha item type |
წიგნი |
| Source of classification or shelving scheme |
|